Flower craft (Record no. 29529)

MARC details
000 -LEADER
fixed length control field 00261nam a2200109Ia 4500
082 ## - DEWEY DECIMAL CLASSIFICATION NUMBER
Classification number 635.91:745.9
Item number DEU
100 ## - MAIN ENTRY--AUTHOR NAME
Personal name DEUTCH, Yvonne
245 #0 - TITLE STATEMENT
Title Flower craft
260 ## - PUBLICATION, DISTRIBUTION, ETC. (IMPRINT)
Place of publication London
Name of publisher Cavendish
Year of publication 1970
942 ## - ADDED ENTRY ELEMENTS (KOHA)
Koha item type Books
Holdings
Withdrawn status Lost status Damaged status Not for loan Home library Current library Date acquired Full call number Accession Number Koha item type
        RRII Library RRII Library 16/12/2021 635.91:745.9 DEU 10115 Books